The People Capability Maturity Model : Guidelines for Improving the Workforce /

Obra sobre la administración de personal con la metodología del modelo de capacidad de madurez (CMM), para mejorar las posibilidades de atraer, desarrollar, motivar, organizar y retener la fuerza de trabajo necesaria para cumplir los objetivos estratégicos de una empresa.

Guardado en:
Bibliografiske detaljer
Hovedforfatter: Curtis, Bill (autor)
Andre forfattere: Hefley, William E. (autor) (autor), Miller, Sally A. (autor) (autor)
Format: Bog
Sprog:engelsk
Udgivet: Boston, EUA : Addison-Wesley, 2002, c2002
Serier:(SEI Series. Management of Human Resources)
Fag:
Tags: Tilføj Tag
Ingen Tags, Vær først til at tagge denne postø!

MARC

LEADER 00000nam^a2200000^a^4500
001 000159854
005 20250521000000.0
009 20260310100702.783
020 |a 0-201-60445-0 
037 |a Acervo ITESO - Biblioteca 
041 |a ING 
082 |a 658. 311  |b CUR 
100 |a Curtis, Bill  |e (autor) 
245 1 4 |a The People Capability Maturity Model :  |b Guidelines for Improving the Workforce /  |c B. Curtis, W.E. Hefley, S.A. Miller. 
264 4 |a Boston, EUA :  |b Addison-Wesley,  |c 2002, c2002 
300 |a XX, 587 p. 
336 |a texto  |b txt  |2 rdacontenido 
337 |a sin mediación  |b n  |2 rdamedio 
338 |a volumen  |b nc  |2 rdasoporte 
440 1 |a (SEI Series.  |p Management of Human Resources) 
520 |a Obra sobre la administración de personal con la metodología del modelo de capacidad de madurez (CMM), para mejorar las posibilidades de atraer, desarrollar, motivar, organizar y retener la fuerza de trabajo necesaria para cumplir los objetivos estratégicos de una empresa. 
649 |a XX 
650 |a Desarrollo Profesional 
650 |a Evaluación del Desempeño 
650 |a Selección y Contratación de Personal 
650 |a Motivación Laboral 
650 |a Comportamiento Organizacional 
650 |a Cultura Organizacional 
650 |a Psicología Laboral 
650 |a Optimización 
650 |a Calidad Total 
650 |a Exito Administrativo 
650 |a Planeación Estratégica 
650 |a Recursos Humanos -  |x Dirección 
650 |a Proceso Administrativo 
650 |a Administración 
650 |a Ciencias Administrativas 
700 |a Hefley, William E.  |e (autor) 
700 |a Miller, Sally A.  |e (autor) 
910 |a Fondo General 
920 |a Impresos - Libros 
930 |a Colección General 
905 |a 101 
901 |a 0500091454  |b IT1  |c ACC  |u 20250521 
902 |a https://opac.biblio.iteso.mx/vufind/Record/000159854